[Event "Open A"]
[Site "St Laurent"]
[Date "2014.08.07"]
[Round "1.1"]
[White "Bauer, Christian"]
[Black "De Silva, Joel Niels"]
[Result "1-0"]
[LiveChessVersion "1.4.4"]
[BlackElo "2021"]
[WhiteElo "2658"]

1. Nf3 {[%clk 1:30:57]} d5 {[%clk 1:30:49]} 2. g3 {[%clk 1:31:21]} Nf6
{[%clk 1:30:44]} 3. Bg2 {[%clk 1:31:46]} c6 {[%clk 1:30:38]} 4. O-O
{[%clk 1:31:49]} Nbd7 {[%clk 1:30:16]} 5. d3 {[%clk 1:28:37]} e5 {[%clk 1:27:08]}
6. c4 {[%clk 1:26:46]} Bd6 {[%clk 1:22:04]} 7. cxd5 {[%clk 1:26:10]} Nxd5
{[%clk 1:20:41]} 8. b3 {[%clk 1:19:03]} O-O {[%clk 1:20:14]} 9. Bb2
{[%clk 1:19:29]} Qe7 {[%clk 1:18:18]} 10. a3 {[%clk 1:19:02]} N7b6
{[%clk 1:12:52]} 11. Nbd2 {[%clk 1:18:07]} f6 {[%clk 1:12:02]} 12. Qc2
{[%clk 1:07:53]} Be6 {[%clk 1:09:47]} 13. d4 {[%clk 1:04:49]} Bf7
{[%clk 1:04:14]} 14. e4 {[%clk 1:01:20]} Nc7 {[%clk 1:03:58]} 15. dxe5
{[%clk 0:47:06]} fxe5 {[%clk 1:03:43]} 16. Nh4 {[%clk 0:47:23]} Be6
{[%clk 1:02:12]} 17. Ndf3 {[%clk 0:39:56]} Nd7 {[%clk 0:58:42]} 18. Rfd1
{[%clk 0:36:53]} Rad8 {[%clk 0:50:15]} 19. b4 {[%clk 0:34:38]} a5
{[%clk 0:46:37]} 20. bxa5 {[%clk 0:32:45]} Na6 {[%clk 0:41:34]} 21. Nf5
{[%clk 0:27:55]} Bxf5 {[%clk 0:40:25]} 22. exf5 {[%clk 0:28:24]} Nac5
{[%clk 0:39:18]} 23. Nd2 {[%clk 0:26:06]} Bc7 {[%clk 0:36:06]} 24. Nc4
{[%clk 0:26:29]} Qf6 {[%clk 0:30:17]} 25. Bh3 {[%clk 0:23:11]} Qh6
{[%clk 0:27:19]} 26. Kg2 {[%clk 0:20:22]} Qf6 {[%clk 0:20:35]} 27. Bc3
{[%clk 0:19:42]} Na6 {[%clk 0:18:10]} 28. Ne3 {[%clk 0:18:55]} Qf7
{[%clk 0:12:16]} 29. Rab1 {[%clk 0:19:09]} Ndc5 {[%clk 0:10:32]} 30. Bg4
{[%clk 0:18:19]} Qe7 {[%clk 0:08:06]} 31. Be2 {[%clk 0:16:06]} Rxd1
{[%clk 0:07:26]} 32. Rxd1 {[%clk 0:16:26]} Rd8 {[%clk 0:07:48]} 33. Rxd8+
{[%clk 0:14:04]} Qxd8 {[%clk 0:07:39]} 34. Bxa6 {[%clk 0:12:26]} Nxa6
{[%clk 0:05:30]} 35. Qb3+ {[%clk 0:12:43]} Kh8 {[%clk 0:05:35]} 36. Qxb7
{[%clk 0:13:04]} Nc5 {[%clk 0:03:59]} 37. Qxc6 {[%clk 0:13:28]} 1-0

[Event "Open A"]
[Site "St Laurent"]
[Date "2014.08.07"]
[Round "1.2"]
[White "Vignale, Stephane"]
[Black "Shchekachev, Andrei"]
[Result "0-1"]
[LiveChessVersion "1.4.4"]
[BlackElo "2550"]
[WhiteElo "2021"]

1. d4 {[%clk 1:30:50]} Nf6 {[%clk 1:30:39]} 2. c4 {[%clk 1:31:10]} e6
{[%clk 1:30:42]} 3. Nf3 {[%clk 1:31:30]} Bb4+ {[%clk 1:28:17]} 4. Bd2
{[%clk 1:31:35]} Qe7 {[%clk 1:25:06]} 5. e3 {[%clk 1:31:23]} Bxd2+
{[%clk 1:21:37]} 6. Nbxd2 {[%clk 1:31:18]} d6 {[%clk 1:20:44]} 7. Bd3
{[%clk 1:29:38]} e5 {[%clk 1:15:08]} 8. dxe5 {[%clk 1:28:40]} dxe5
{[%clk 1:10:12]} 9. Qc2 {[%clk 1:27:56]} Na6 {[%clk 1:06:44]} 10. a3
{[%clk 1:24:25]} Nc5 {[%clk 1:02:22]} 11. Bf5 {[%clk 1:18:58]} Bxf5
{[%clk 0:47:36]} 12. Qxf5 {[%clk 1:19:02]} g6 {[%clk 0:46:40]} 13. Qc2
{[%clk 1:18:50]} e4 {[%clk 0:42:20]} 14. Nd4 {[%clk 1:15:46]} Nd3+
{[%clk 0:40:59]} 15. Ke2 {[%clk 1:15:33]} Rd8 {[%clk 0:39:32]} 16. Rad1
{[%clk 1:11:28]} O-O {[%clk 0:34:06]} 17. Nxe4 {[%clk 1:02:18]} Qxe4
{[%clk 0:34:18]} 18. Rxd3 {[%clk 0:53:34]} Rxd4 {[%clk 0:32:38]} 0-1

[Event "Open A"]
[Site "St Laurent"]
[Date "2014.08.07"]
[Round "1.3"]
[White "Karpatchev, Aleksandr"]
[Black "Helfer, Remi"]
[Result "1-0"]
[LiveChessVersion "1.4.4"]
[BlackElo "2020"]
[WhiteElo "2462"]

1. e4 {[%clk 1:30:56]} e5 {[%clk 1:30:51]} 2. Nf3 {[%clk 1:31:09]} Nc6
{[%clk 1:31:04]} 3. Bc4 {[%clk 1:31:06]} Bc5 {[%clk 1:31:20]} 4. c3
{[%clk 1:30:39]} Nf6 {[%clk 1:30:53]} 5. d3 {[%clk 1:31:02]} a6 {[%clk 1:30:06]}
6. Bb3 {[%clk 1:31:16]} Ba7 {[%clk 1:30:16]} 7. Qe2 {[%clk 1:31:00]} h6
{[%clk 1:24:51]} 8. h3 {[%clk 1:27:56]} d6 {[%clk 1:23:37]} 9. Nbd2
{[%clk 1:27:45]} Be6 {[%clk 1:19:21]} 10. Nf1 {[%clk 1:25:53]} Qd7
{[%clk 1:14:43]} 11. Ng3 {[%clk 1:23:18]} O-O-O {[%clk 1:07:40]} 12. Be3
{[%clk 1:12:37]} Bxe3 {[%clk 1:01:25]} 13. fxe3 {[%clk 1:13:00]} d5
{[%clk 0:56:27]} 14. exd5 {[%clk 1:01:50]} Bxd5 {[%clk 0:50:11]} 15. Bc2
{[%clk 1:02:15]} g6 {[%clk 0:45:35]} 16. O-O {[%clk 1:02:00]} Nh5
{[%clk 0:36:48]} 17. Nxh5 {[%clk 0:57:25]} gxh5 {[%clk 0:37:11]} 18. e4
{[%clk 0:57:23]} Be6 {[%clk 0:37:29]} 19. Nh4 {[%clk 0:57:21]} Rdg8
{[%clk 0:28:20]} 20. Kh2 {[%clk 0:54:29]} Rg5 {[%clk 0:21:30]} 21. Bb3
{[%clk 0:53:23]} Rhg8 {[%clk 0:11:58]} 22. Bxe6 {[%clk 0:51:24]} Qxe6
{[%clk 0:11:44]} 23. Qf2 {[%clk 0:46:05]} R8g7 {[%clk 0:08:59]} 24. Qf6
{[%clk 0:43:40]} Qd7 {[%clk 0:06:14]} 25. Rad1 {[%clk 0:41:54]} Rg3
{[%clk 0:06:17]} 26. Rf3 {[%clk 0:40:31]} Rxf3 {[%clk 0:06:25]} 27. Qxf3
{[%clk 0:40:31]} Rg5 {[%clk 0:05:16]} 28. Qf6 {[%clk 0:40:06]} Qe6
{[%clk 0:03:58]} 29. Qxe6+ {[%clk 0:36:07]} fxe6 {[%clk 0:04:26]} 30. Rf1
{[%clk 0:36:29]} Kd7 {[%clk 0:00:57]} 31. Rf7+ {[%clk 0:36:23]} Kd6
{[%clk 0:01:14]} 32. Rh7 {[%clk 0:36:36]} Rg8 {[%clk 0:00:45]} 33. Rxh6
{[%clk 0:36:57]} Rf8 {[%clk 0:01:05]} 34. Kg1 {[%clk 0:36:33]} 1-0

[Event "Open A"]
[Site "St Laurent"]
[Date "2014.08.07"]
[Round "1.4"]
[White "Bellahcene, Rayane"]
[Black "Thejkumar, M. S."]
[Result "0-1"]
[LiveChessVersion "1.4.4"]
[BlackElo "2439"]
[WhiteElo "1984"]

1. d4 {[%clk 1:30:55]} Nf6 {[%clk 1:30:32]} 2. Nf3 {[%clk 1:31:04]} c5
{[%clk 1:30:54]} 3. d5 {[%clk 1:31:21]} b5 {[%clk 1:30:48]} 4. a4
{[%clk 1:31:12]} b4 {[%clk 1:28:50]} 5. Bg5 {[%clk 1:29:33]} d6 {[%clk 1:26:26]}
6. Bxf6 {[%clk 1:28:38]} exf6 {[%clk 1:26:16]} 7. e4 {[%clk 1:28:08]} g6
{[%clk 1:26:34]} 8. Nbd2 {[%clk 1:28:11]} Bg7 {[%clk 1:24:06]} 9. Bb5+
{[%clk 1:25:07]} Nd7 {[%clk 1:22:04]} 10. Nc4 {[%clk 1:21:05]} Qc7
{[%clk 1:22:20]} 11. Qd2 {[%clk 1:19:30]} O-O {[%clk 1:19:18]} 12. Bxd7
{[%clk 1:12:17]} Bxd7 {[%clk 1:13:48]} 13. Qf4 {[%clk 1:09:10]} f5
{[%clk 1:09:16]} 14. Nfd2 {[%clk 0:52:14]} Rae8 {[%clk 0:46:15]} 15. Qxd6
{[%clk 0:31:19]} Qxd6 {[%clk 0:41:50]} 16. Nxd6 {[%clk 0:31:19]} Bxb2
{[%clk 0:42:13]} 17. Ra2 {[%clk 0:30:56]} Bc3 {[%clk 0:42:17]} 18. Nxe8
{[%clk 0:29:14]} Rxe8 {[%clk 0:42:41]} 19. Kd1 {[%clk 0:25:14]} fxe4
{[%clk 0:42:38]} 20. Nc4 {[%clk 0:14:23]} Bg4+ {[%clk 0:38:45]} 21. Kc1
{[%clk 0:14:46]} f5 {[%clk 0:38:55]} 22. Nd6 {[%clk 0:11:22]} Re7
{[%clk 0:37:40]} 23. Nb5 {[%clk 0:11:37]} Bg7 {[%clk 0:33:42]} 24. c4
{[%clk 0:05:58]} a6 {[%clk 0:32:13]} 25. Nd6 {[%clk 0:06:22]} f4 {[%clk 0:20:55]}
26. h3 {[%clk 0:04:59]} b3 {[%clk 0:14:07]} 27. Ra3 {[%clk 0:04:01]} b2+
{[%clk 0:13:52]} 28. Kb1 {[%clk 0:04:29]} Be2 {[%clk 0:13:48]} 29. Nc8
{[%clk 0:01:50]} Rb7 {[%clk 0:12:24]} 30. a5 {[%clk 0:01:52]} Bxc4
{[%clk 0:09:33]} 31. Nb6 {[%clk 0:02:21]} Be2 {[%clk 0:09:21]} 32. Re1
{[%clk 0:02:20]} f3 {[%clk 0:09:11]} 33. gxf3 {[%clk 0:02:34]} exf3
{[%clk 0:09:35]} 34. Rxe2 {[%clk 0:02:07]} fxe2 {[%clk 0:09:59]} 35. Re3
{[%clk 0:02:35]} Bc3 {[%clk 0:06:56]} 36. Rxe2 {[%clk 0:02:57]} Bxa5
{[%clk 0:07:21]} 37. Nc4 {[%clk 0:03:22]} Bc3 {[%clk 0:07:31]} 38. Re6
{[%clk 0:00:58]} a5 {[%clk 0:06:27]} 39. Rc6 {[%clk 0:01:04]} Re7
{[%clk 0:06:31]} 40. Ne3 {[%clk 0:00:42]} Bd4 {[%clk 0:06:24]} 41. d6
{[%clk 0:01:09]} Rd7 {[%clk 0:05:19]} 42. Nc4 {[%clk 0:01:32]} Kf7
{[%clk 0:05:28]} 43. Nb6 {[%clk 0:00:58]} Rd8 {[%clk 0:05:43]} 44. Rc7+
{[%clk 0:01:07]} Ke6 {[%clk 0:05:40]} 45. Nc4 {[%clk 0:01:03]} Kd5
{[%clk 0:05:50]} 46. Nxa5 {[%clk 0:00:42]} Rxd6 {[%clk 0:05:46]} 47. Ra7
{[%clk 0:00:38]} c4 {[%clk 0:05:44]} 48. Ra8 {[%clk 0:01:05]} c3 {[%clk 0:05:35]}
49. Nb7 {[%clk 0:01:11]} c2+ {[%clk 0:05:41]} 50. Kxc2 {[%clk 0:01:37]} Rc6+
{[%clk 0:06:07]} 0-1

[Event "Open A"]
[Site "St Laurent"]
[Date "2014.08.07"]
[Round "2.1"]
[White "Schweitzer, Viktoriya"]
[Black "Bauer, Christian"]
[Result "0-1"]
[LiveChessVersion "1.4.4"]
[BlackElo "2658"]
[WhiteElo "2174"]

1. e4 {[%clk 1:30:59]} Nf6 {[%clk 1:29:51]} 2. e5 {[%clk 1:31:11]} Nd5
{[%clk 1:30:20]} 3. d4 {[%clk 1:31:32]} d6 {[%clk 1:30:44]} 4. c4
{[%clk 1:31:18]} Nb6 {[%clk 1:31:13]} 5. exd6 {[%clk 1:31:30]} exd6
{[%clk 1:31:24]} 6. Nc3 {[%clk 1:30:57]} Be7 {[%clk 1:31:49]} 7. Bd3
{[%clk 1:30:53]} Nc6 {[%clk 1:32:04]} 8. Nge2 {[%clk 1:29:53]} Bg4
{[%clk 1:31:37]} 9. Be3 {[%clk 1:28:16]} O-O {[%clk 1:26:22]} 10. b3
{[%clk 1:13:01]} Bf6 {[%clk 1:17:43]} 11. O-O {[%clk 1:11:25]} Re8
{[%clk 1:13:28]} 12. Qd2 {[%clk 1:11:20]} d5 {[%clk 1:12:06]} 13. c5
{[%clk 1:10:58]} Nc8 {[%clk 1:12:17]} 14. Rae1 {[%clk 1:09:53]} N8e7
{[%clk 1:05:12]} 15. h3 {[%clk 1:00:36]} Bf5 {[%clk 1:00:42]} 16. Bb5
{[%clk 0:47:35]} a6 {[%clk 0:51:20]} 17. Bxc6 {[%clk 0:48:00]} Nxc6
{[%clk 0:51:21]} 18. Nf4 {[%clk 0:47:24]} Be6 {[%clk 0:49:09]} 19. Nce2
{[%clk 0:45:48]} g6 {[%clk 0:47:55]} 20. b4 {[%clk 0:43:17]} Qd7 {[%clk 0:44:09]}
21. Kh2 {[%clk 0:34:29]} h5 {[%clk 0:31:48]} 22. a3 {[%clk 0:34:08]} Bg7
{[%clk 0:27:27]} 23. Rd1 {[%clk 0:25:04]} Ne7 {[%clk 0:24:38]} 24. Nd3
{[%clk 0:23:43]} f6 {[%clk 0:23:42]} 25. Ng1 {[%clk 0:17:59]} Nf5
{[%clk 0:22:44]} 26. Rfe1 {[%clk 0:17:30]} Bf7 {[%clk 0:22:27]} 27. f4
{[%clk 0:16:27]} Qa4 {[%clk 0:17:47]} 28. Ra1 {[%clk 0:16:34]} a5
{[%clk 0:14:26]} 29. Bf2 {[%clk 0:14:59]} Re4 {[%clk 0:12:58]} 30. Nf3
{[%clk 0:14:45]} axb4 {[%clk 0:07:27]} 31. Nxb4 {[%clk 0:11:44]} Rxe1
{[%clk 0:05:03]} 32. Nxe1 {[%clk 0:09:53]} Re8 {[%clk 0:05:03]} 33. Qd3
{[%clk 0:09:52]} Re4 {[%clk 0:03:25]} 34. g3 {[%clk 0:09:56]} Qe8
{[%clk 0:03:15]} 35. Ng2 {[%clk 0:08:21]} c6 {[%clk 0:02:32]} 36. Re1
{[%clk 0:08:25]} Rxe1 {[%clk 0:01:36]} 37. Nxe1 {[%clk 0:07:42]} Be6
{[%clk 0:02:00]} 38. a4 {[%clk 0:04:39]} Qa8 {[%clk 0:01:48]} 39. Qb3
{[%clk 0:04:41]} Ne7 {[%clk 0:01:23]} 40. Nf3 {[%clk 0:05:01]} Qc8
{[%clk 0:01:00]} 41. h4 {[%clk 0:04:52]} Bg4 {[%clk 0:01:04]} 42. Ne1
{[%clk 0:03:19]} Kf7 {[%clk 0:01:02]} 43. Nbc2 {[%clk 0:03:42]} Be2
{[%clk 0:00:42]} 44. Ne3 {[%clk 0:02:45]} Ba6 {[%clk 0:00:57]} 45. Qc2
{[%clk 0:02:40]} Qe6 {[%clk 0:01:14]} 46. Kg2 {[%clk 0:02:15]} Bf8
{[%clk 0:00:45]} 47. Nf3 {[%clk 0:01:58]} Qe4 {[%clk 0:00:42]} 48. Qxe4
{[%clk 0:02:07]} dxe4 {[%clk 0:01:11]} 49. Nd2 {[%clk 0:02:35]} f5
{[%clk 0:00:54]} 50. Ndc4 {[%clk 0:02:50]} Ke6 {[%clk 0:00:57]} 51. Ne5
{[%clk 0:01:49]} Bg7 {[%clk 0:01:17]} 52. Be1 {[%clk 0:02:07]} Nd5
{[%clk 0:00:39]} 53. Kf2 {[%clk 0:02:05]} Bxe5 {[%clk 0:00:42]} 54. fxe5
{[%clk 0:01:10]} f4 {[%clk 0:00:50]} 55. Nxd5 {[%clk 0:01:19]} Kxd5
{[%clk 0:01:19]} 56. gxf4 {[%clk 0:01:42]} Kxd4 {[%clk 0:01:37]} 57. Bb4
{[%clk 0:01:23]} Bc4 {[%clk 0:01:51]} 58. Ba3 {[%clk 0:01:26]} e3+
{[%clk 0:01:11]} 59. Ke1 {[%clk 0:01:44]} Ke4 {[%clk 0:01:28]} 60. Bb2
{[%clk 0:01:20]} Be6 {[%clk 0:01:27]} 61. Bc3 {[%clk 0:01:09]} Kxf4
{[%clk 0:01:43]} 62. Kf1 {[%clk 0:00:36]} g5 {[%clk 0:00:56]} 63. hxg5
{[%clk 0:01:01]} Kxg5 {[%clk 0:01:25]} 64. Be1 {[%clk 0:00:34]} Kf4
{[%clk 0:01:49]} 65. Bc3 {[%clk 0:00:53]} h4 {[%clk 0:02:04]} 66. Kg2
{[%clk 0:01:14]} h3+ {[%clk 0:02:20]} 67. Kh2 {[%clk 0:01:32]} Kf3
{[%clk 0:02:24]} 68. a5 {[%clk 0:01:48]} Ke2 {[%clk 0:02:09]} 69. Kg1
{[%clk 0:01:45]} Kd1 {[%clk 0:02:25]} 70. Kf1 {[%clk 0:01:00]} Bd5
{[%clk 0:02:28]} 71. Kg1 {[%clk 0:01:10]} e2 {[%clk 0:02:47]} 0-1

[Event "Open A"]
[Site "St Laurent"]
[Date "2014.08.07"]
[Round "2.2"]
[White "Shchekachev, Andrei"]
[Black "Ruff, Maximilian"]
[Result "1-0"]
[LiveChessVersion "1.4.4"]
[BlackElo "2170"]
[WhiteElo "2550"]

1. Nf3 {[%clk 1:30:55]} c5 {[%clk 1:30:28]} 2. c4 {[%clk 1:30:55]} g6
{[%clk 1:30:40]} 3. e4 {[%clk 1:30:30]} Bg7 {[%clk 1:30:43]} 4. d4
{[%clk 1:30:46]} Qb6 {[%clk 1:30:33]} 5. dxc5 {[%clk 1:28:19]} Qxc5
{[%clk 1:30:51]} 6. Be2 {[%clk 1:25:47]} d6 {[%clk 1:30:01]} 7. Nfd2
{[%clk 1:23:29]} Be6 {[%clk 1:18:45]} 8. O-O {[%clk 1:16:06]} Nd7
{[%clk 1:16:02]} 9. Nb3 {[%clk 1:12:19]} Qc7 {[%clk 1:10:32]} 10. Na3
{[%clk 1:10:40]} Nb6 {[%clk 1:08:15]} 11. Nd4 {[%clk 1:08:03]} Bd7
{[%clk 1:03:34]} 12. Be3 {[%clk 1:05:36]} a6 {[%clk 1:00:25]} 13. Qd2
{[%clk 1:00:39]} Nf6 {[%clk 1:00:09]} 14. f3 {[%clk 1:00:50]} O-O
{[%clk 0:53:26]} 15. Rac1 {[%clk 1:00:32]} Rac8 {[%clk 0:50:10]} 16. Rfd1
{[%clk 0:59:37]} Qb8 {[%clk 0:45:56]} 17. b3 {[%clk 0:58:06]} Na8
{[%clk 0:44:01]} 18. Bf1 {[%clk 0:56:42]} Nc7 {[%clk 0:40:25]} 19. Nac2
{[%clk 0:54:53]} Ne6 {[%clk 0:37:37]} 20. Nb4 {[%clk 0:52:38]} Rfe8
{[%clk 0:35:34]} 21. Ne2 {[%clk 0:51:06]} Nc5 {[%clk 0:31:31]} 22. Nc3
{[%clk 0:49:49]} Kh8 {[%clk 0:20:40]} 23. Kh1 {[%clk 0:47:23]} Kg8
{[%clk 0:20:12]} 24. Qf2 {[%clk 0:42:39]} Bc6 {[%clk 0:13:49]} 25. Nxc6
{[%clk 0:39:16]} Rxc6 {[%clk 0:14:13]} 26. e5 {[%clk 0:39:01]} Nfd7
{[%clk 0:12:42]} 27. exd6 {[%clk 0:38:35]} Rxd6 {[%clk 0:08:40]} 28. Nd5
{[%clk 0:25:58]} Ne6 {[%clk 0:06:56]} 29. c5 {[%clk 0:23:21]} Rc6
{[%clk 0:06:35]} 30. Nb4 {[%clk 0:20:43]} Rc7 {[%clk 0:06:30]} 31. c6
{[%clk 0:20:38]} Ne5 {[%clk 0:06:15]} 32. Ba7 {[%clk 0:20:05]} Qa8
{[%clk 0:03:29]} 33. Bb6 {[%clk 0:17:47]} Rcc8 {[%clk 0:03:51]} 34. cxb7
{[%clk 0:12:54]} Qxb7 {[%clk 0:04:11]} 35. Rxc8 {[%clk 0:12:47]} Qxc8
{[%clk 0:04:03]} 36. Bxa6 {[%clk 0:13:08]} Qc3 {[%clk 0:03:26]} 37. Nd5
{[%clk 0:13:14]} Qc6 {[%clk 0:03:47]} 38. a4 {[%clk 0:13:15]} 1-0

[Event "Open A"]
[Site "St Laurent"]
[Date "2014.08.07"]
[Round "2.3"]
[White "Stahl, Clement"]
[Black "Karpatchev, Aleksandr"]
[Result "0-1"]
[LiveChessVersion "1.4.4"]
[BlackElo "2462"]
[WhiteElo "2155"]

1. d4 {[%clk 1:30:57]} Nf6 {[%clk 1:30:04]} 2. Nc3 {[%clk 1:30:37]} d5
{[%clk 1:30:17]} 3. Bf4 {[%clk 1:30:57]} e6 {[%clk 1:28:29]} 4. e4
{[%clk 1:23:47]} dxe4 {[%clk 1:27:39]} 5. f3 {[%clk 1:22:53]} Bb4
{[%clk 1:26:53]} 6. fxe4 {[%clk 1:20:18]} Nxe4 {[%clk 1:25:44]} 7. Qd3
{[%clk 1:17:45]} Nxc3 {[%clk 1:21:31]} 8. bxc3 {[%clk 1:09:56]} Bd6
{[%clk 1:21:02]} 9. Be3 {[%clk 1:09:11]} Nd7 {[%clk 1:16:21]} 10. Be2
{[%clk 1:05:26]} Nf6 {[%clk 1:15:22]} 11. Nf3 {[%clk 1:01:05]} b6
{[%clk 0:54:53]} 12. O-O {[%clk 0:55:43]} Bb7 {[%clk 0:53:24]} 13. Ng5
{[%clk 0:51:28]} Qd7 {[%clk 0:44:52]} 14. Bf3 {[%clk 0:43:43]} Bxf3
{[%clk 0:40:24]} 15. Rxf3 {[%clk 0:44:04]} h6 {[%clk 0:40:35]} 16. Ne4
{[%clk 0:42:56]} Nxe4 {[%clk 0:39:39]} 17. Qxe4 {[%clk 0:43:19]} O-O
{[%clk 0:39:07]} 18. Qh4 {[%clk 0:29:02]} f5 {[%clk 0:37:07]} 19. Raf1
{[%clk 0:25:49]} Rf6 {[%clk 0:33:56]} 20. d5 {[%clk 0:20:42]} e5 {[%clk 0:32:47]}
21. Rg3 {[%clk 0:19:07]} Kh7 {[%clk 0:26:58]} 22. Bc1 {[%clk 0:16:11]} f4
{[%clk 0:26:28]} 23. Rg5 {[%clk 0:15:38]} Raf8 {[%clk 0:26:06]} 24. Qg4
{[%clk 0:15:23]} Qxg4 {[%clk 0:22:05]} 25. Rxg4 {[%clk 0:15:51]} g5
{[%clk 0:22:15]} 26. h4 {[%clk 0:14:58]} Kg6 {[%clk 0:21:49]} 27. Kh2
{[%clk 0:15:21]} e4 {[%clk 0:17:52]} 28. Kh3 {[%clk 0:15:15]} Rf5
{[%clk 0:15:17]} 29. c4 {[%clk 0:15:25]} e3 {[%clk 0:15:30]} 0-1

[Event "Open A"]
[Site "St Laurent"]
[Date "2014.08.07"]
[Round "2.4"]
[White "Thejkumar, M. S."]
[Black "Degardin, Sylvain"]
[Result "1-0"]
[LiveChessVersion "1.4.4"]
[BlackElo "2143"]
[WhiteElo "2439"]

1. d4 {[%clk 1:30:52]} Nf6 {[%clk 1:30:45]} 2. c4 {[%clk 1:31:00]} g6
{[%clk 1:30:04]} 3. Nc3 {[%clk 1:31:10]} d5 {[%clk 1:30:18]} 4. e3
{[%clk 1:29:48]} Bg7 {[%clk 1:30:35]} 5. Qb3 {[%clk 1:30:10]} e6 {[%clk 1:28:01]}
6. Qa3 {[%clk 1:28:43]} Nc6 {[%clk 1:27:08]} 7. Nf3 {[%clk 1:26:54]} Ne7
{[%clk 1:21:41]} 8. Be2 {[%clk 1:25:23]} O-O {[%clk 1:21:41]} 9. O-O
{[%clk 1:25:35]} b6 {[%clk 1:21:22]} 10. Bd2 {[%clk 1:19:30]} Bb7
{[%clk 1:20:01]} 11. cxd5 {[%clk 1:19:27]} Nexd5 {[%clk 1:19:15]} 12. Rfd1
{[%clk 1:15:53]} a6 {[%clk 1:01:58]} 13. Rac1 {[%clk 1:12:03]} Ra7
{[%clk 0:59:36]} 14. Ne5 {[%clk 0:58:42]} Qa8 {[%clk 0:56:46]} 15. Bf3
{[%clk 0:53:51]} Rc8 {[%clk 0:54:07]} 16. Nxd5 {[%clk 0:46:22]} Nxd5
{[%clk 0:48:20]} 17. e4 {[%clk 0:44:14]} Bf8 {[%clk 0:42:51]} 18. Qa4
{[%clk 0:40:43]} b5 {[%clk 0:39:23]} 19. Qc2 {[%clk 0:38:28]} Nb6
{[%clk 0:31:10]} 20. Nc6 {[%clk 0:30:04]} Bxc6 {[%clk 0:29:27]} 21. Qxc6
{[%clk 0:30:28]} Nc4 {[%clk 0:28:08]} 22. Qxa8 {[%clk 0:27:25]} Raxa8
{[%clk 0:26:04]} 23. Bc3 {[%clk 0:23:51]} c5 {[%clk 0:11:40]} 24. b3
{[%clk 0:09:45]} cxd4 {[%clk 0:10:20]} 25. Bxd4 {[%clk 0:09:52]} Nd2
{[%clk 0:07:01]} 26. Rxc8 {[%clk 0:08:48]} Nxf3+ {[%clk 0:06:53]} 27. gxf3
{[%clk 0:09:12]} Rxc8 {[%clk 0:07:18]} 28. Bf6 {[%clk 0:09:20]} Bg7
{[%clk 0:04:48]} 29. Bxg7 {[%clk 0:09:07]} Kxg7 {[%clk 0:05:12]} 30. Rd6
{[%clk 0:09:33]} Ra8 {[%clk 0:03:31]} 31. f4 {[%clk 0:09:27]} Kf6
{[%clk 0:02:33]} 32. Kg2 {[%clk 0:09:39]} Ra7 {[%clk 0:02:01]} 33. Kf3
{[%clk 0:09:17]} h6 {[%clk 0:01:24]} 34. h4 {[%clk 0:08:35]} g5 {[%clk 0:00:39]}
35. hxg5+ {[%clk 0:08:19]} hxg5 {[%clk 0:01:05]} 36. Rb6 {[%clk 0:08:38]} gxf4
{[%clk 0:00:58]} 37. Kxf4 {[%clk 0:09:02]} Kg6 {[%clk 0:00:55]} 38. Ke5
{[%clk 0:08:41]} Kg5 {[%clk 0:00:32]} 39. Rc6 {[%clk 0:06:26]} Kg4
{[%clk 0:00:39]} 40. f4 {[%clk 0:06:11]} b4 {[%clk 0:00:33]} 41. Rc8
{[%clk 0:05:37]} f6+ {[%clk 0:00:32]} 42. Kxf6 {[%clk 0:05:51]} Kxf4
{[%clk 0:00:56]} 43. e5 {[%clk 0:06:12]} a5 {[%clk 0:00:58]} 44. Rc4+
{[%clk 0:06:32]} Ke3 {[%clk 0:01:05]} 45. Kxe6 {[%clk 0:06:56]} Rh7
{[%clk 0:01:02]} 46. Kd6 {[%clk 0:06:45]} Rh2 {[%clk 0:00:33]} 47. e6
{[%clk 0:07:04]} 1-0

[Event "Open A"]
[Site "St Laurent"]
[Date "2014.08.07"]
[Round "3.1"]
[White "Bauer, Christian"]
[Black "Bellahcene, Bilel"]
[Result "1/2-1/2"]
[LiveChessVersion "1.4.4"]
[BlackElo "2357"]
[WhiteElo "2658"]

1. c4 {[%clk 1:29:14]} Nf6 {[%clk 1:30:41]} 2. Nc3 {[%clk 1:29:33]} c5
{[%clk 1:31:05]} 3. g3 {[%clk 1:29:47]} d5 {[%clk 1:31:22]} 4. cxd5
{[%clk 1:30:09]} Nxd5 {[%clk 1:31:44]} 5. Bg2 {[%clk 1:30:32]} Nc7
{[%clk 1:32:07]} 6. Qa4+ {[%clk 1:30:15]} Qd7 {[%clk 1:32:06]} 7. Qxd7+
{[%clk 1:29:55]} Nxd7 {[%clk 1:32:30]} 8. d3 {[%clk 1:29:20]} g6 {[%clk 1:26:29]}
9. Nf3 {[%clk 1:27:29]} Bg7 {[%clk 1:22:31]} 10. Nd2 {[%clk 1:15:32]} Rb8
{[%clk 1:16:13]} 11. Nc4 {[%clk 1:12:36]} b6 {[%clk 0:55:14]} 12. Bf4
{[%clk 1:10:50]} e5 {[%clk 0:55:03]} 13. Nd6+ {[%clk 0:57:29]} Ke7
{[%clk 0:55:23]} 14. Nxc8+ {[%clk 0:57:54]} Rbxc8 {[%clk 0:55:46]} 15. Bg5+
{[%clk 0:57:02]} f6 {[%clk 0:55:47]} 16. Bd2 {[%clk 0:57:18]} f5 {[%clk 0:52:03]}
17. e3 {[%clk 0:49:50]} Nf6 {[%clk 0:50:45]} 18. Ke2 {[%clk 0:49:56]} Rcd8
{[%clk 0:47:48]} 19. a3 {[%clk 0:46:57]} Rd7 {[%clk 0:46:36]} 20. Rhd1
{[%clk 0:46:20]} Rhd8 {[%clk 0:46:06]} 21. Be1 {[%clk 0:46:45]} Ne6
{[%clk 0:45:51]} 22. Rac1 {[%clk 0:24:31]} Kf7 {[%clk 0:44:12]} 23. Bc6
{[%clk 0:23:45]} Re7 {[%clk 0:43:14]} 24. Kf1 {[%clk 0:23:57]} g5
{[%clk 0:42:53]} 25. h3 {[%clk 0:20:23]} h5 {[%clk 0:43:07]} 26. Bb5
{[%clk 0:15:28]} g4 {[%clk 0:41:11]} 27. h4 {[%clk 0:15:31]} Kg6 {[%clk 0:38:17]}
28. Bc4 {[%clk 0:15:45]} Bh6 {[%clk 0:37:22]} 29. Rc2 {[%clk 0:12:15]} Rf8
{[%clk 0:19:28]} 30. Re2 {[%clk 0:12:09]} Ng7 {[%clk 0:16:23]} 31. b4
{[%clk 0:10:38]} Ree8 {[%clk 0:14:49]} 32. bxc5 {[%clk 0:03:38]} bxc5
{[%clk 0:15:14]} 33. Kg1 {[%clk 0:02:19]} f4 {[%clk 0:15:28]} 34. e4
{[%clk 0:00:54]} Nd7 {[%clk 0:14:57]} 35. Bb5 {[%clk 0:00:55]} Rd8
{[%clk 0:15:22]} 36. Nd5 {[%clk 0:01:06]} Nb6 {[%clk 0:15:36]} 37. Ne7+
{[%clk 0:00:47]} Kh7 {[%clk 0:15:41]} 38. Bc3 {[%clk 0:00:46]} fxg3 39. fxg3 Ne6
{[%clk 0:14:11]} 40. Nf5 {[%clk 0:00:43]} Nd4 {[%clk 0:13:19]} 41. Bxd4
{[%clk 0:01:08]} cxd4 {[%clk 0:13:41]} 42. a4 {[%clk 0:01:06]} Nc8
{[%clk 0:05:30]} 43. Rc2 {[%clk 0:01:13]} Nd6 {[%clk 0:05:35]} 44. Rf1
{[%clk 0:00:32]} Nxf5 {[%clk 0:02:36]} 45. Rxf5 {[%clk 0:00:50]} Rc8
{[%clk 0:01:53]} 46. Rxc8 {[%clk 0:00:41]} Rxc8 {[%clk 0:02:21]} 47. Bc4
{[%clk 0:00:46]} Rb8 {[%clk 0:02:44]} 48. Rxh5 {[%clk 0:00:40]} Rb1+
{[%clk 0:02:33]} 49. Kg2 {[%clk 0:00:58]} Rb2+ {[%clk 0:02:37]} 50. Kf1
{[%clk 0:01:26]} Rb1+ {[%clk 0:02:27]} 51. Ke2 {[%clk 0:01:46]} Rc1
{[%clk 0:02:07]} 52. Bb3 {[%clk 0:01:23]} Rg1 {[%clk 0:01:44]} 53. Kf2
{[%clk 0:01:13]} Rb1 {[%clk 0:02:12]} 54. Be6 {[%clk 0:01:21]} Rb2+
{[%clk 0:02:40]} 55. Kf1 {[%clk 0:01:23]} Rb1+ {[%clk 0:03:07]} 56. Ke2
{[%clk 0:01:49]} Rb2+ {[%clk 0:03:32]} 57. Kd1 {[%clk 0:01:01]} Rd2+
{[%clk 0:03:57]} 58. Ke1 {[%clk 0:01:28]} Rxd3 {[%clk 0:04:23]} 59. Rxe5
{[%clk 0:01:30]} Rxg3 {[%clk 0:04:41]} 60. Bf5+ {[%clk 0:01:48]} Kg7
{[%clk 0:04:57]} 61. Re6 {[%clk 0:01:30]} Bf4 {[%clk 0:03:49]} 62. Rg6+
{[%clk 0:00:49]} Kf7 {[%clk 0:04:14]} 63. Rxg4 {[%clk 0:01:04]} Rxg4
{[%clk 0:04:38]} 64. Bxg4 {[%clk 0:01:31]} Bg3+ {[%clk 0:05:05]} 65. Ke2
{[%clk 0:01:52]} 1/2-1/2